=LDR 00000nam 2200000 4500 =001 INLIS00000000000032 =005 20260702043538 =020 ##$$a 978-979-1362-51-1 =082 ##$$a 038.543 =100 1#$$a Nuansa, Tim =245 1 $$a Einstein: Perkenalan Buat Anak-Anak /$c Tim Nuansa =300 ##$$a 52 ; 14,5 x 21